Statistics for Analogies #13

Click here to take the quiz!

General Stats

  • This quiz has been taken 13,561 times
  • The average score is 12 of 20

Answer Stats

This is to this ...As ...% Correct
Plants is to HerbivoreMeat is to {Carnivore}
95%
North is to SouthArctic is to {Antarctic}
90%
VII is to MM7 is to {2000}
78%
π is to PiΔ is to {Delta}
76%
New York City is to
Washington D.C.
Toronto is to {Ottawa}
75%
Palm is to Hand{Sole} is to Foot
73%
Philia is to Love{Phobia} is to Fear
71%
J. K. Rowling is to
Harry Potter
Ian Fleming is to
{James} {Bond}
65%
Left is to Right{Port} is to Starboard
65%
Charles is to English{Carlos} is to Spanish
63%
Kolkata is to MumbaiCalcutta is to {Bombay}
60%
Kilo is to MegaMega is to {Giga}
60%
Pinatubo is to LuzonEtna is to {Sicily}
52%
Pope is to PopemobileCasket is to {Hearse}
48%
Theseus is to Minotaur{Hercules} is to Hydra
43%
Speaking is to Writing{Slander} is to Libel
42%
Vein is to Artery{Hither} is to Thither
38%
Engine is to Caboose{Genesis} is to Revelation
36%
Put Toothpaste is to
Back in the Tube
{Unring} is to a Bell
36%
7 is to Spitz8 is to {Phelps}
33%

Score Distribution

Percentile by Number Answered

Percent of People with Each Score

Your Score History

You have not taken this quiz